Fintech & internet finance for SME development in China

Bibliográfiai részletek
Szerző: Wang Nanyang
További közreműködők: Vallyon Dr. Andrea
Dokumentumtípus: Diplomadolgozat
Kulcsszavak:Fintech
Kis- és középvállalkozás
Kína
Internet
Pénzügy
Digitális pénzügyi rendszer
Online Access:http://dolgozattar.uni-bge.hu/19632

MARC

LEADER 00000nta a2200000 i 4500
001 dolg19632
005 20200317163650.0
008 181214suuuu hu om 000 eng d
040 |a BGE Dolgozattár Repozitórium  |b hun 
041 |a en 
100 1 |a Wang Nanyang 
245 1 0 |a Fintech & internet finance for SME development in China  |c Wang Nanyang  |h [elektronikus dokumentum] 
695 |a Fintech 
695 |a Kis- és középvállalkozás 
695 |a Kína 
695 |a Internet 
695 |a Pénzügy 
695 |a Digitális pénzügyi rendszer 
700 1 |a Vallyon Dr. Andrea  |e ths 
856 4 0 |u http://dolgozattar.uni-bge.hu/19632/1/FINTECH%20%26%20INTERNET%20FINANCE%20FOR%20SME%20DEVELOPMENT%20IN%20CHINA.pdf  |z Dokumentum-elérés